| 000 | 00624nam a22001937a 4500 | ||
|---|---|---|---|
| 003 | OSt | ||
| 005 | 20251121100115.0 | ||
| 008 | 251121b |||||||| |||| 00| 0 eng d | ||
| 020 | _a0-935236-09-0 | ||
| 040 |
_aDWC-Main lib _cOC |
||
| 082 | _aCirc. 610.73 N342 1980 | ||
| 100 | _aNeal, M. | ||
| 245 |
_aNursing care planning guides, set 1 _cNeal, Margo C. |
||
| 260 |
_aCalifornia : _b Nurseco, Inc., _cc1980 |
||
| 300 |
_av, 150 pages : _c22 cm. |
||
| 700 | _aCohen, Patricia F. | ||
| 700 | _aCooper, Phyllis G. | ||
| 942 |
_2ddc _cBK-CIRC _e2nd edition _hCirc. 610.73 N342 1980 _kCirc. _n0 |
||
| 999 |
_c5969 _d5969 |
||